000 00441nam a2200169Ia 4500
005 20250508155521.0
008 008 250505s9999 xx 000 0 eng d
037 _aReference
040 _aFEDL
_beng
_cFEDL
041 _aeng
_2eng
084 _a370.193, HAV
_qFEDL
100 _aHavighurst Robert J
245 0 _aSociety and education
300 _axiii,585p
942 _cREF
_h370.193, HAV
999 _c1357373
_d1357373